Countries From a Blind Start #5 - Statistics

General Stats
  • This quiz has been taken 800 times
  • The average score is 34 of 44
Answer Stats
Answer % Correct
France
94%
France
94%
Germany
94%
Austria
90%
Belgium
90%
Italy
90%
Netherlands
90%
Switzerland
90%
Luxembourg
89%
Iraq
86%
Iraq
86%
Iraq
86%
Iran
85%
Saudi Arabia
85%
Turkey
85%
Turkey
85%
Vatican City
85%
Slovenia
84%
Syria
84%
Syria
84%
San Marino
83%
Israel
82%
Jordan
82%
Oman
82%
Yemen
82%
Qatar
81%
Armenia
80%
Greece
80%
United Arab Emirates
80%
United States
80%
Kuwait
79%
Lebanon
79%
Canada
78%
Georgia
78%
Azerbaijan
76%
Bulgaria
72%
Republic of the Congo
58%
Cameroon
49%
Gabon
49%
Equatorial Guinea
47%
Costa Rica
38%
Nicaragua
38%
Honduras
37%
Dominica
11%
No matching quizzes found
Score Distribution
Percent of People with Each Score
Percentile by Number Answered
Your Score History
You have not taken this quiz